Humanitárna kríza v Darfure

Občianska vojna v Sudáne a humanitárna kríza v Darfure na západe krajiny, ktorá sa začala vo februári 2003.Dekolonizácia po II. svetovej vojne. História Sudánu od sebaurčenia až ku genocíde černošských kmeňov.

Na minha lista:
Detalhes bibliográficos
Autor principal: Tomková, Beáta
Formato: Capítulo de Livro
Idioma:eslovaco
Assuntos:
Tags: Adicionar Tag
Sem tags, seja o primeiro a adicionar uma tag!

MARC

LEADER 00000naa$a2200000$$$4500
001 0038498
005 20240502071500.3
041 0 |a slo 
044 |a SK 
245 1 0 |a Humanitárna kríza v Darfure  |c Beáta Tomková 
520 |a Občianska vojna v Sudáne a humanitárna kríza v Darfure na západe krajiny, ktorá sa začala vo februári 2003.Dekolonizácia po II. svetovej vojne. História Sudánu od sebaurčenia až ku genocíde černošských kmeňov. 
610 2 0 |a Sudán 
610 2 0 |a kolónie 
610 2 0 |a nezávislosť 
610 2 0 |a krajiny rozvojové 
610 2 0 |a vojny 
610 2 0 |a kríza 
610 2 0 |a hlad 
610 2 0 |a pomoc medzinárodná 
100 1 |a Tomková, Beáta